QUEST Central Library Banner

Fundamental of Electromegnetics (Record no. 13941)

MARC details
000 -LEADER
fixed length control field 00214nam a22001097a 4500
082 ## - DEWEY DECIMAL CLASSIFICATION NUMBER
Classification number 621.3BHA
100 ## - MAIN ENTRY--AUTHOR NAME
Personal name Bhat
245 ## - TITLE STATEMENT
Title Fundamental of Electromegnetics
260 ## - PUBLICATION, DISTRIBUTION, ETC. (IMPRINT)
Place of publication CB
Year of publication 1986
300 ## - PHYSICAL DESCRIPTION
Number of Pages 514
942 ## - ADDED ENTRY ELEMENTS (KOHA)
Koha item type Books
Holdings
Withdrawn status Lost status Home library Current library Date acquired Cost, normal purchase price Full call number Accession Number Koha item type
    Central Library, QUEST, Nawabshah Central Library, QUEST, Nawabshah 02/09/2015 35.00 621.3BHA 11448 Books
    Reference Section Reference Section 02/09/2015 35.00 621.3BHA (Shelf - 32B) 11447 Books

Copyright © 2018,The QUEST, Nawabshah, Shaheed Benazirabad. All rights reserved
Mr. G. Farooq Channar (Librarian) QUEST, Nawabshah, Sindh, Pakistan 67480.
 Ph#: |   0244-9370381-4 Ext. 2308   Email| lib@quest.edu.pk   Web|  http://www.quest.edu.pk